000 02265cam a2200301 a 4500
999 _c10085
_d10085
001 15768353
003 OSt
005 20210215160956.0
008 090609s2009 tnu 000 0 eng
010 _a 2009023464
020 _a9780785213062
020 _z9781418585877
_qebook
040 _aDLC
_cDLC
_dDLC
043 _an-us---
050 0 0 _aBR1725.M4465
_bM647M
082 0 0 _a277.3/083092
_aB
_222
_bM647M
100 1 _aMiller, Donald,
_d1971-
245 1 2 _aA million miles in a thousand years :
_bwhat I learned while editing my life /
_cDonald Miller.
260 _aNashville, Tenn. :
_bThomas Nelson,
_cc2009.
300 _axiii, 255 p. ;
_c22 cm.
505 0 _aPart I: Exposition -- Random scenes -- It's improv -- A million miles in a thousand years -- It's all about the story -- Your real life is boring -- Flesh and soul better -- My uncle's funeral and a wedding -- Going to see the guru -- The basic elements of a meaningful life -- How Jason saved his family -- Part II: A character -- Writing the world -- Imperfect is perfect -- The point of life is transformation -- Story application in leadership -- A character is what he does -- A character must save the cat -- A good character listens to his writer -- Something on the page -- Part III: A character who wants something -- How to make yourself change -- An inciting incident -- Facing the resistance -- A good story, hijacked -- Walking among the ruins -- Meeting Bob -- Part IV: A character who wants something and overcomes conflict -- The thing about a crossing -- It's the pain that binds us -- A tree in a story about a forest -- The reason God hasn't fixed you yet -- Great stories have memorable scenes -- Part V: A character who wants something and overcomes conflict to get it -- The beauty of a tragedy -- No one gets to watch the parade -- Snow falling in Delaware -- Telling a story demands courage.
600 1 0 _aMiller, Donald,
_d1971-
650 0 _aChristian biography
_zUnited States.
650 0 _aAutobiography
_xAuthorship.
906 _a7
_bcbc
_corignew
_d1
_eecip
_f20
_gy-gencatlg
942 _2ddc
_cBK